00232nam a22000977a 4500008004100000082001600041100001700057245003500074260001700109300000800126230619b xxu||||| |||| 00| 0 eng d a301.15bKLB cFaraj Dumila aDiwani ya Philosophia ya Nyayo aNairobibKLB a53p